<?xml version="1.0" encoding="UTF-8"?><?xml-stylesheet type="text/xsl" href="static/style.xsl"?><OAI-PMH xmlns="http://www.openarchives.org/OAI/2.0/" xmlns:xsi="http://www.w3.org/2001/XMLSchema-instance" xsi:schemaLocation="http://www.openarchives.org/OAI/2.0/ http://www.openarchives.org/OAI/2.0/OAI-PMH.xsd"><responseDate>2026-06-05T14:22:46Z</responseDate><request verb="GetRecord" identifier="oai:riuma.uma.es:10630/37915" metadataPrefix="marc">https://riuma.uma.es/rest/oai/request</request><GetRecord><record><header><identifier>oai:riuma.uma.es:10630/37915</identifier><datestamp>2026-02-03T11:23:34Z</datestamp><setSpec>com_10630_2254</setSpec><setSpec>col_10630_37953</setSpec></header><metadata><record xmlns="http://www.loc.gov/MARC21/slim" xmlns:dcterms="http://purl.org/dc/terms/" xmlns:doc="http://www.lyncode.com/xoai" xmlns:xsi="http://www.w3.org/2001/XMLSchema-instance" xsi:schemaLocation="http://www.loc.gov/MARC21/slim http://www.loc.gov/standards/marcxml/schema/MARC21slim.xsd">
   <leader>00925njm 22002777a 4500</leader>
   <datafield ind2=" " ind1=" " tag="042">
      <subfield code="a">dc</subfield>
   </datafield>
   <datafield ind2=" " ind1=" " tag="720">
      <subfield code="a">Acedo-Carmona, Cristina</subfield>
      <subfield code="e">author</subfield>
   </datafield>
   <datafield ind2=" " ind1=" " tag="720">
      <subfield code="a">Gomila Benejam, Antoni</subfield>
      <subfield code="e">author</subfield>
   </datafield>
   <datafield ind2=" " ind1=" " tag="260">
      <subfield code="c">2015</subfield>
   </datafield>
   <datafield ind2=" " ind1=" " tag="520">
      <subfield code="a">A cross-cultural analysis of trust andd cooperation networks in Northern Ghana (NGHA) and Oaxaca (OAX) was carried out by means of ego networks and interviews. These regions were chosen because both are inhabited by several ethnic groups, thus prividing a good opportunity to test the cultural group selectio hypothesis. Against the predictions of this approach, we found that in both regions cooperation is grounded in personal trust groups, and that social cohesion depends on these emotional bonds. Moreover, in apreement with Fiske's notion of "evolved proclivities", we also found two distinct kinds of trust networks, one for each region, which vary in terms of the degree of ethnic interrelation. This pattern suggests that social cohesion increases when environmental resources are scarce.</subfield>
   </datafield>
   <datafield ind1="8" ind2=" " tag="024">
      <subfield code="a">Acedo-Carmona, C. y Gomila, A. Trust matters: a cross-cultural comparison of Northern Ghana and Oaxaca groups. Frontiers in Psychology, 6, pp. 1-14, ISSN: 1664-1078.</subfield>
   </datafield>
   <datafield ind1="8" ind2=" " tag="024">
      <subfield code="a">https://hdl.handle.net/10630/37915</subfield>
   </datafield>
   <datafield ind1="8" ind2=" " tag="024">
      <subfield code="a">10.3389/fpsyg.2015.00661</subfield>
   </datafield>
   <datafield tag="653" ind2=" " ind1=" ">
      <subfield code="a">Cooperación (Psicología)</subfield>
   </datafield>
   <datafield tag="653" ind2=" " ind1=" ">
      <subfield code="a">Confianza - Aspectos sociales</subfield>
   </datafield>
   <datafield tag="653" ind2=" " ind1=" ">
      <subfield code="a">Psicología social</subfield>
   </datafield>
   <datafield ind2="0" ind1="0" tag="245">
      <subfield code="a">Trust matters: a cross-cultural comparison of Northern Ghana and Oaxaca groups.</subfield>
   </datafield>
</record>
</metadata></record></GetRecord></OAI-PMH>